00778nam a2200193 a 450000100100000000500170001000800410002702000150006804000250008308200180010810000270012624501450015326000510029830000280034950400740037753400680045170000270051970000380054600002352720240402131926.0101210s1977 sp a r 000 0 spa d a8437501245 aDO-SdBNPbspacBNPHU axxxxxxbV132d aVaitsos, Constantine V10aDistribución del ingreso y empresas transnacionales /cConstantine V. Vaitsos ; traducción Alejandro Nadal , Sofía Méndez Villareal. aMadrid :bFondo de Cultura Económica,c1977. a198 p. :bil. ;c21 cm. aIncluye referencias bibliográficas y notas al pie de las páginas. aIntercountry income distribution and transnational enterprises.1 aNadal, Alejandro,etr.1 aMéndez Villareal, Sofía,etr.